|
|
|
|
| LEADER |
00000nam a22000007a 4500 |
| 005 |
20200625223914.0 |
| 007 |
cr|||| |||| |
| 008 |
200625s2020 cl |||||s|||| 00||0 spa d |
| 035 |
|
|
|a 31735
|
| 040 |
|
|
|a vLex
|
| 090 |
|
|
|c 10589
|d 10589
|
| 245 |
0 |
0 |
|a Competencia
|h [Recurso electrn̤ico] :
|b Juzgados de Familia
|c Eric Andrš Chv̀ez Chv̀ez
|
| 256 |
|
|
|a Servicio en ln̕ea
|
| 300 |
|
|
|a 1 recurso electrn̤ico
|
| 506 |
1 |
|
|a Disponible solo en los productos indicados
|d vLex Global
|d vLex Global (Academic Edition, excluding Law Schools)
|d vLex Global (U.S. Academic Edition, Law Schools)
|d vLex Global (U.S. Academic Edition, excluding Law Schools)
|d vLex Global (Academic Edition, Law Schools)
|
| 650 |
0 |
4 |
|a Derecho Civil
|z Chile
|
| 650 |
0 |
4 |
|a Procedimiento Civil
|z Chile
|
| 740 |
0 |
|
|a vLex Libros (Servicio en ln̕ea)
|
| 856 |
4 |
0 |
|u http://vlex.com/source/competencia-juzgados-familia-31735
|z Acceso restringido
|
| 942 |
|
|
|c BOOK
|
| 999 |
0 |
|
|a Civil Law
|
| 999 |
0 |
|
|a Civil Procedure
|